[Event "Vanya Somov Memorial 2018"]
[Site "Kirishi"]
[Date "2018.05.25"]
[Round "10.4"]
[White "Murzin, Volodar"]
[Black "Lobanov, Sergei"]
[Result "0-1"]
[WhiteElo "2302"]
[BlackElo "2515"]
[Annotator "TA"]
[PlyCount "126"]
[EventDate "2018.05.15"]
[EventType "tourn"]
[EventRounds "11"]
[EventCountry "RUS"]

{[%evp 12,126,46,42,48,31,31,32,38,54,50,26,22,7,19,14,14,0,0,0,8,8,7,0,8,0,7,0,5,14,8,0,0,0,0,0,0,-28,-25,-33,-10,-10,-12,-17,-16,-23,-14,-20,-20,-21,-23,-41,-25,-25,-15,-24,0,0,0,0,0,0,0,0,14,0,0,0,0,0,0,-57,-66,-100,-85,-139,-29,-29,-35,-130,-69,-253,-253,-261,-173,-135,-189,-370,-362,-505,-502,-615,-652,-629,-681,-675,-673,-673,-656,-597,-630,-643,-621,-626,-581,-888,-888,-880,-835,-1474,-1108,-29973,-29972,-29970,-29972,-29983,-29984]} 1. e4 c5 2. Nf3 Nc6 3. Bb5 g6 4. Bxc6 dxc6 5. d3 Bg7 6. h3 Nh6 {B31: Sizilianisch (Rossolimo-Variante)} 7. a4 {LiveBook: 7 Partien} f6 8. Be3 b6 $146 {Weiß steht etwas besser.} ({Vorgänger:} 8... Qd6 9. Nbd2 e5 10. Nc4 Qe7 11. Qd2 Nf7 12. Qa5 Bf8 13. Nfd2 Qd8 14. Qxd8+ Nxd8 {1-0 (54) Zhigalko,S (2679)-Alekseev,E (2673) Lublin 2011}) 9. a5 Rb8 10. axb6 axb6 11. O-O Nf7 12. Nc3 e5 13. Nh2 Be6 14. f4 exf4 15. Bxf4 Ra8 16. Nf3 O-O 17. Qd2 Qd7 18. Qf2 Ra7 19. Rfe1 Ng5 20. Rxa7 Qxa7 21. Qg3 Nxf3+ 22. Qxf3 Qd7 23. Qf2 f5 {Weiss muss nun ...fxe4 beachten.} 24. e5 Ra8 25. b3 Qd4 26. Na4 Qxf2+ 27. Kxf2 Ra6 28. h4 Bf8 29. Be3 h6 30. g3 Kg7 31. Ke2 Be7 32. Kd2 Bd5 33. Rf1 Bg2 34. Rg1 Bf3 35. Rf1 Bg4 36. Re1 Bh5 37. Rf1 Bd8 38. Re1 g5 39. hxg5 hxg5 40. Rf1 Kg6 41. Re1 ({Besser ist} 41. Nb2 $1 $11) 41... Ra7 42. c3 Bf3 43. Rf1 ({Lieber} 43. e6) 43... g4 ({Günstiger ist} 43... Bd5 $17 44. c4 Be6) 44. Bf4 $11 Rh7 {Droht stark ...Th2+.} 45. Ke3 {[#]} (45. Re1 $15) 45... Kf7 (45... Rh2 $1 $17 {[%csl Gf3][%cal Rh2e2]} 46. Rf2 Rxf2 47. Kxf2 Bd1) 46. Nb2 $2 (46. Rb1 $15) 46... b5 $19 47. d4 Ba5 48. Nd3 Bxc3 49. dxc5 $2 {[#]} (49. Nxc5 {war die einzige Chance.} Rh2 50. Rb1) 49... Ke6 50. Rf2 Kd5 51. Ra2 {und die Idee Lg5 ließe Weiss weiter hoffen.} Bd4+ 52. Kd2 Rh2+ 53. Kc1 Rxa2 54. Nb4+ Kxc5 55. Nxa2 {[%mdl 4096] Endspiel KLL-KLS} Kd5 56. Nb4+ Ke6 57. Kd2 Bd5 58. Kd3 Bxe5 59. Ke3 Bd6 60. Nc2 c5 61. b4 Bxf4+ {Schwarz setzt Matt.} 62. Kxf4 Be4 63. Na3 Bd3 {Precision: Weiß = 42%, Schwarz = 70%.} 0-1

[Event "Vanya Somov Memorial 2018"]
[Site "Kirishi"]
[Date "2018.05.25"]
[Round "10.6"]
[White "Zarubitski, Viachaslau"]
[Black "Hakobyan, Aram"]
[Result "0-1"]
[WhiteElo "2435"]
[BlackElo "2542"]
[Annotator "TA"]
[PlyCount "88"]
[EventDate "2018.05.15"]
[EventType "tourn"]
[EventRounds "11"]
[EventCountry "RUS"]

{[%evp 19,88,31,28,8,45,30,22,0,21,19,66,8,62,13,15,0,19,0,0,-54,-29,-160,-162,-143,-68,-378,-368,-371,-170,-167,-167,-167,-173,-177,-172,-158,-173,-177,-191,-189,-168,-181,-185,-219,-224,-277,-261,-362,-310,-473,-472,-539,-522,-543,-546,-485,-473,-570,-560,-1891,-1356,-2358,-1870,-5622,-5618,-1516,-880,-29972,-6126,-29977,-29979]} 1. e4 c5 2. Nf3 d6 3. d4 cxd4 4. Nxd4 Nf6 5. Nc3 Bd7 6. Bg5 e6 7. Qd2 a6 8. f3 Be7 9. O-O-O Nc6 10. Kb1 b5 {LiveBook: 69 Games} 11. a3 {B67: Sicilian: Richter-Rauzer: 7...a6 8 0-0-0 Bd7, lines without 9 f4 Be7} (11. h4 h6 12. Be3 h5 13. Bg5 Rc8 14. Nxc6 Bxc6 15. Ne2 Qc7 16. Nd4 Bb7 17. Bd3 O-O 18. Ne2 d5 {0-1 (36) Najer,E (2679)-Kozul,Z (2613) Doha 2016}) 11... Rc8 12. h4 h6 $146 {[%cal Bh7h6,Bh6h5][%mdl 32]} ({Predecessor:} 12... O-O 13. g4 Rb8 14. Nb3 b4 15. axb4 Rxb4 16. h5 a5 17. h6 g6 18. Bxf6 Bxf6 19. Qxd6 Bxc3 20. bxc3 {½-½ (56) Boreux,P (2343)-Cijs,P (2264) ICCF email 2005}) 13. Be3 {The position is equal.} h5 $1 14. Nxc6 Rxc6 15. Bg5 (15. Be2 $14) 15... Qc7 (15... Rb6 $1 $11) 16. Bd3 Rb6 $1 17. Ne2 Rb7 18. Qc3 Qb8 19. Nd4 (19. b3 $11) 19... O-O 20. Nc6 (20. Qd2 $11) 20... Bxc6 $1 $17 21. Qxc6 {[#]} d5 (21... Rc8 $1 $17 {[%cal Rc8c6]} 22. Qxa6 Rc5) 22. exd5 $2 {[%mdl 8192] [#]} ({White should play} 22. Qxa6 $15 dxe4 23. fxe4) 22... Rc8 $1 $19 23. Qxa6 Ra7 (23... Nxd5 $142 {Threatens to win with ...Ra7.} 24. Bxe7 Rxe7) 24. Qxb5 Rb7 25. Bf4 Rxb5 26. Bxb8 Rbxb8 27. Ba6 Nxd5 28. Rxd5 exd5 29. Bxc8 Rxc8 $17 {[%mdl 4096] Endgame KRB-KR} 30. Rd1 Rd8 ({But not} 30... Bxh4 31. Rxd5 g6 32. a4 $17) 31. g3 f5 32. b4 Kf7 33. f4 Ke6 34. Kb2 (34. Kc1 $142) 34... Bf6+ $19 35. Kb3 Rc8 36. Rd3 d4 {[%cal Bd5d4,Bd4c3][%mdl 32]} 37. a4 Kd5 38. a5 Rc3+ 39. Rxc3 dxc3 {KB-KP} 40. b5 Bd4 41. a6 Bb6 42. Kb4 Kd4 43. a7 Bxa7 44. Ka5 Kc5 {Precision: White = 11%, Black = 70%.} 0-1

[Event "Vanya Somov Memorial 2018"]
[Site "Kirishi"]
[Date "2018.05.26"]
[Round "11.1"]
[White "Hakobyan, Aram"]
[Black "Shubin, Kirill"]
[Result "1/2-1/2"]
[WhiteElo "2542"]
[BlackElo "2317"]
[Annotator "TA"]
[PlyCount "31"]
[EventDate "2018.05.15"]
[EventType "tourn"]
[EventRounds "11"]
[EventCountry "RUS"]

{[%evp 16,20,22,23,34,40,66]} 1. Nf3 Nf6 2. c4 e6 3. d4 b6 4. g3 Ba6 5. Qa4 Bb7 6. Bg2 g6 {E15: Damenindisch (Hauptfortsetzung, Abweichungen)} (6... c5 7. dxc5 bxc5 8. O-O Be7 9. Nc3 O-O 10. Rd1 Qb6 11. Bf4 d6 12. Rab1 Nbd7 13. b4 Rfb8 14. a3 h6 15. h3 a6 16. Qa5 Qxa5 17. bxa5 Ne8 18. Ne5 Nxe5 19. Bxb7 Nxc4 20. Bxa8 Rxa8 {0-1 (49) Xu,Y (2545)-Jakovenko,D (2732) China 2018}) 7. O-O Bg7 8. Nc3 O-O 9. Rd1 {LiveBook: 5 Partien} d6 10. Qc2 Nbd7 {Vorgänger:} 11. e4 $146 Qe7 12. b3 c5 13. Bb2 cxd4 14. Nxd4 Nc5 15. b4 Na6 16. a3 {0-1 (55) Dutreuil,R (2390)-Mayer,P (2330) Le Port Marly 2013} 1/2-1/2

[Event "Vanya Somov Memorial 2018"]
[Site "Kirishi"]
[Date "2018.05.26"]
[Round "11.4"]
[White "Nesterov, Arseniy"]
[Black "Murzin, Volodar"]
[Result "1-0"]
[WhiteElo "2395"]
[BlackElo "2302"]
[PlyCount "107"]
[EventDate "2018.05.15"]
[EventType "tourn"]
[EventRounds "11"]
[EventCountry "RUS"]

1. d4 Nf6 2. c4 g6 3. Nc3 Bg7 4. e4 O-O 5. Be2 d6 6. Bg5 Na6 7. Qd2 e5 8. d5 c6 9. f3 cxd5 10. cxd5 Bd7 11. Bxa6 bxa6 12. Nge2 Qb6 13. Be3 Qb7 14. O-O Rac8 15. Rfc1 Ne8 16. Nd1 f5 17. Qa5 fxe4 18. fxe4 Nf6 19. Nf2 Rxc1+ 20. Rxc1 Qxb2 21. Nc3 Nh5 22. Rb1 Qc2 23. Qa3 Rxf2 24. Bxf2 Nf4 25. Re1 Bg4 26. Qc1 Qd3 27. Re3 Qc4 28. Qf1 Qc8 29. h3 Bd7 30. Qb1 Bh6 31. Rf3 Qc7 32. Kh2 Bg7 33. Nd1 Qc4 34. Ne3 Qc7 35. Qc2 Qxc2 36. Nxc2 Bb5 37. Rc3 Nh5 38. Rc8+ Kf7 39. Rc7+ Kg8 40. Na3 Bd3 41. Nc4 Bf8 42. Nd2 Nf6 43. Rc3 Bxe4 44. Nxe4 Nxe4 45. Rf3 Nxf2 46. Rxf2 Bh6 47. Re2 Kf7 48. Kg3 Kf6 49. Kf3 Kf5 50. h4 Bc1 51. g4+ Kf6 52. Rc2 Ba3 53. Rc7 g5 54. h5 1-0

[Event "Vanya Somov Memorial 2018"]
[Site "Kirishi"]
[Date "2018.05.26"]
[Round "11.6"]
[White "Gharibyan, Mamikon"]
[Black "Sargsyan, Shant"]
[Result "0-1"]
[WhiteElo "2269"]
[BlackElo "2489"]
[Annotator "TA"]
[PlyCount "96"]
[EventDate "2018.05.15"]
[EventType "tourn"]
[EventRounds "11"]
[EventCountry "RUS"]

{[%evp 24,96,11,14,31,35,39,-18,-23,-21,-22,-18,-6,-17,-24,-56,-52,-52,-41,-52,-60,-55,-54,-56,-29,-33,-40,-54,-45,-67,-72,-126,-125,-124,-113,-205,-203,-204,-204,-223,-221,-214,-215,-220,-212,-307,-301,-314,-306,-335,-289,-304,-229,-291,-258,-356,-363,-1362,-1221,-821,-400,-5277,-2481,-5439,-5439,-5439,-5439,-29980,-29981,-29985,-29986,-29986,-29987,-29987,-29988]} 1. d4 Nf6 2. c4 g6 3. Nc3 d5 4. cxd5 Nxd5 5. e4 Nxc3 6. bxc3 Bg7 7. Be3 c5 8. Rc1 Qa5 9. Qd2 O-O 10. Nf3 Rd8 11. Be2 {D85: Exchange Grünfeld: Unusual White 7th moves and lines with 7 Nf3} cxd4 12. cxd4 Qxd2+ 13. Bxd2 {LiveBook: 4 Games. The position is equal.} Bg4 (13... Na6 14. d5 Bd7 15. O-O Rac8 16. Be3 Nb4 17. Rxc8 Bxc8 18. Bc4 b6 {½-½ (35) Sjugirov,S (2650)-Svidler,P (2765) St Petersburg 2017}) 14. d5 e6 $146 ({Predecessor:} 14... Nd7 15. h3 Bxf3 16. Bxf3 Rac8 17. O-O b6 18. Be3 Nc5 19. Bxc5 Rxc5 20. Rxc5 bxc5 21. Rb1 c4 {½-½ (21) Mateus,A (2290)-Quinonez Garcia,S (2242) Cali 2018}) 15. dxe6 (15. Bg5 $14 f6 16. Bf4 exd5 17. exd5) 15... Bxe6 $11 16. Bc4 Bxc4 17. Rxc4 Nd7 18. Ke2 Re8 19. Be3 Nb6 20. Rc7 Rxe4 21. Rhc1 Nd5 $36 {[%mdl 2048] Black is more active.} 22. Rxb7 Nxe3 23. fxe3 {[#]} Rxe3+ $1 {[%mdl 512]} 24. Kxe3 Bh6+ 25. Kd3 Bxc1 $15 {[%mdl 4096] Endgame KRB-KRN} 26. Ne5 Rd8+ 27. Rd7 (27. Nd7 $142) 27... Rxd7+ $17 28. Nxd7 {KB-KN} f5 29. a4 {[#]} (29. Nb8 $17 {was worth a try.}) 29... Bf4 $1 $19 30. h3 Kf7 31. Nc5 Ke7 32. Kd4 Bd6 33. Nd3 Ke6 34. Kc4 (34. Ne1 $142) 34... h5 35. Kd4 g5 36. Nc1 Be5+ 37. Kc4 Bf4 38. Ne2 Be3 39. a5 Ke5 40. Kb5 $2 (40. Kd3 Bf2 41. Nc1) 40... f4 41. Kc4 Bd2 (41... g4 $142 {Threatens to win with ...f3.} 42. hxg4 hxg4) 42. a6 (42. Nd4 $142 Be3 43. Nf3+ Kf5 44. Nh2) 42... Ke4 43. Nd4 g4 44. hxg4 hxg4 {[%cal Bh5g4,Bg4f3][%mdl 32]} 45. Nb5 f3 {Black mates.} 46. gxf3+ gxf3 47. Nd6+ Ke3 48. Nf5+ Kf4 {Precision: White = 20%, Black = 83%.} 0-1